000 00765nam a2200241 i 4500
001 bg
100 1 _aMIKOŁAJCZAK, Stanisław.
245 0 _aSkładnia tekstów naukowych :
_bdyscypliny humanistyczne /
_cStanisław Mikołajczak ; Uniwersytet im. Adama Mickiewicza.
260 _aPoznań :
_bWydaw. Naukowe UAM,
_c1990.
300 _a266 s. :
_bil., tabel., wykr. ;
_c24 cm.
490 1 _aFilologia Polska,
_x0554-8179 ;
_v40
504 _aBibliogr. s. 191-208.
650 9 _aJęzyk polski
710 _aUniwersytet im. Adama Mickiewicza
830 _aFilologia Polska,
_x0554-8179 ;
020 _a8323202648
040 _cBPK
041 _apl
080 _a81'367
920 _a83-232-0264-8
942 _cKS
008 s pl f |000 0 pol
999 _c35369
_d35369